[Event "I Festival"]
[Site "Perugia ITA"]
[Date "2009.06.29"]
[Round "5"]
[White "Castellano, Alfonso"]
[Black "Vuelban, Virgilio"]
[Result "1-0"]
[WhiteElo "1953"]
[BlackElo "2422"]
[PlyCount "93"]
[EventDate "2009.06.27"]

1. c4 g6 2. Nc3 Bg7 3. g3 c5 4. Bg2 Nc6 5. Nf3 Nh6 6. O-O Nf5 7. e3 d6 8. b3
O-O 9. Bb2 Qd7 10. d3 b6 11. Qd2 Bb7 12. Ne2 Ne5 13. e4 Nxf3+ 14. Bxf3 Nd4 15.
Nxd4 cxd4 16. Bg2 e5 17. Rae1 f5 18. f4 Rf7 19. exf5 gxf5 20. Qf2 Bc6 21. Re2
Qb7 22. Rfe1 Rd8 23. Ba1 Rff8 24. Bb2 Bxg2 25. Qxg2 Qxg2+ 26. Kxg2 Kf7 27. Ba3
Rfe8 28. Kf3 Re6 29. Bb4 Rde8 30. g4 fxg4+ 31. Kxg4 Rg6+ 32. Kh3 Rg8 33. Bd2
Bf6 34. fxe5 dxe5 35. Rf1 Rg4 36. Be1 Ke6 37. Bg3 h5 38. Ref2 R8g6 39. Rf5 R4g5
40. R5f3 h4 41. Bxh4 Be7 42. Bxg5 Bxg5 43. Rg1 Rh6+ 44. Kg2 Be3 45. Rh1 e4 46.
dxe4 Ke5 47. h4 {...} 1-0

[Event "I Festival"]
[Site "Perugia ITA"]
[Date "2009.06.29"]
[Round "5"]
[White "Cuppone, Damiano"]
[Black "Gubbiotti, David"]
[Result "1-0"]
[WhiteElo "1933"]
[BlackElo "1670"]
[PlyCount "39"]
[EventDate "2009.06.27"]

1. d4 d5 2. c4 c6 3. Nf3 Nf6 4. Nc3 e6 5. Bg5 h6 6. Bh4 dxc4 7. e4 g5 8. Bg3 b5
9. Be2 Bb7 10. O-O Be7 11. Ne5 Nbd7 12. f4 Qb6 13. Kh1 c5 14. fxg5 hxg5 15. d5
exd5 16. Nxd7 Nxd7 17. Nxd5 Bxd5 18. Qxd5 O-O-O 19. Qa8+ Nb8 20. Bg4+ 1-0

[Event "I Festival"]
[Site "Perugia ITA"]
[Date "2009.06.29"]
[Round "5"]
[White "Djuric, Stefan"]
[Black "Damia, Angelo"]
[Result "1/2-1/2"]
[WhiteElo "2447"]
[BlackElo "2235"]
[PlyCount "71"]
[EventDate "2009.06.27"]

1. Nf3 Nf6 2. c4 c5 3. Nc3 Nc6 4. d4 cxd4 5. Nxd4 g6 6. g3 d6 7. Bg2 Bd7 8. O-O
Bg7 9. Nxc6 bxc6 10. c5 d5 11. e4 dxe4 12. Nxe4 Nd5 13. Qa4 O-O 14. Rb1 f5 15.
Ng5 h6 16. Nf3 e5 17. Bd2 e4 18. Nd4 Qf6 19. Ne2 Rfb8 20. b4 Re8 21. Bc1 g5 22.
Bb2 Qg6 23. Bxg7 Kxg7 24. b5 cxb5 25. Qd4+ Nf6 26. Qc3 f4 27. gxf4 Bg4 28. f5
Qxf5 29. f3 Qe5 30. Qxe5 Rxe5 31. Rxb5 Rc8 32. Rb7+ Kg6 33. Rxa7 Rcxc5 34. Re1
Bxf3 35. Ra6 Ra5 36. Rb6 1/2-1/2

[Event "I Festival"]
[Site "Perugia ITA"]
[Date "2009.06.29"]
[Round "5"]
[White "Leon Hoyos, Manuel"]
[Black "Mogranzini, Roberto"]
[Result "1/2-1/2"]
[WhiteElo "2527"]
[BlackElo "2422"]
[PlyCount "24"]
[EventDate "2009.06.27"]

1. e4 c5 2. Nf3 d6 3. d4 cxd4 4. Nxd4 Nf6 5. Nc3 a6 6. Bg5 e6 7. f4 b5 8. e5
dxe5 9. fxe5 Qc7 10. exf6 Qe5+ 11. Be2 Qxg5 12. O-O Ra7 1/2-1/2

[Event "I Festival"]
[Site "Perugia ITA"]
[Date "2009.06.29"]
[Round "5"]
[White "Malfagia, Andrea"]
[Black "Bove, Alessandro"]
[Result "1/2-1/2"]
[WhiteElo "2282"]
[BlackElo "2297"]
[PlyCount "88"]
[EventDate "2009.06.27"]

1. d4 Nf6 2. c4 c5 3. d5 e6 4. Nc3 exd5 5. cxd5 d6 6. e4 g6 7. f3 Bg7 8. Bg5 a6
9. a4 Nbd7 10. Nh3 Qe7 11. Be2 h6 12. Be3 Ne5 13. Nf2 g5 14. O-O O-O 15. Qd2
Ng6 16. Rfe1 Bd7 17. Rab1 Nh5 18. b4 b6 19. bxc5 bxc5 20. Rb7 Qe8 21. a5 Nhf4
22. Bf1 Nh4 23. Bxf4 gxf4 24. Ne2 Rb8 25. Reb1 Rxb7 26. Rxb7 Be5 27. Nxf4 f5
28. Ne6 Qg6 29. Kh1 Bxe6 30. dxe6 Qxe6 31. exf5 Nxf5 32. Ng4 Bg7 33. Bd3 Nd4
34. Ne3 Kh8 35. Bb1 Re8 36. Qd3 Nf5 37. g3 Qxe3 38. Qxf5 Qe1+ 39. Kg2 Qe2+ 40.
Kh3 Qf1+ 41. Kh4 Qc4+ 42. Be4 Qg8 43. Bd5 Re5 44. Bxg8 Rxf5 1/2-1/2

[Event "I Festival"]
[Site "Perugia ITA"]
[Date "2009.06.29"]
[Round "5"]
[White "Nepi, Ezio"]
[Black "Buratti, Marco"]
[Result "0-1"]
[WhiteElo "1848"]
[BlackElo "2037"]
[PlyCount "58"]
[EventDate "2009.06.27"]

1. d4 d5 2. Nf3 Nc6 3. Bf4 Bg4 4. e3 f6 5. h3 Bh5 6. c4 e5 7. Bh2 Bb4+ 8. Nc3
exd4 9. exd4 Qe7+ 10. Be2 Bxf3 11. gxf3 dxc4 12. O-O O-O-O 13. d5 Ne5 14. Re1
Qc5 15. f4 Nf7 16. Bf3 Bxc3 17. bxc3 Ne7 18. Qe2 Nd6 19. Qxe7 Rhe8 20. Bg4+ Kb8
21. Qxg7 Rg8 22. Qxf6 h5 23. Bg3 hxg4 24. hxg4 Qxd5 25. Rad1 Qf3 26. g5 Rh8 27.
Bh2 Qg4+ 28. Bg3 Qh3 29. Bh4 Qxh4 0-1

[Event "I Festival"]
[Site "Perugia ITA"]
[Date "2009.06.29"]
[Round "5"]
[White "Pichler, Christoph"]
[Black "Cicioni, Luigi"]
[Result "1-0"]
[WhiteElo "1831"]
[BlackElo "1771"]
[PlyCount "99"]
[EventDate "2009.06.27"]

1. e4 c5 2. Nf3 e6 3. d4 cxd4 4. Nxd4 Nf6 5. Bd3 Nc6 6. c3 d5 7. Nxc6 bxc6 8.
e5 Nd7 9. Bf4 Qb6 10. b3 Ba6 11. O-O Bxd3 12. Qxd3 g5 13. Bxg5 Nxe5 14. Qe2 Bg7
15. Nd2 Ng6 16. Rac1 Qa5 17. Nf3 O-O 18. Qd2 f6 19. b4 Qc7 20. Bh6 Bxh6 21.
Qxh6 Qf4 22. Qh3 Rae8 23. Nd4 Qd6 24. f4 Kh8 25. Qh6 Rf7 26. Rce1 Nf8 27. Re3
c5 28. bxc5 Qxc5 29. Kh1 Qb6 30. Rfe1 f5 31. h3 e5 32. Qxb6 axb6 33. Nb5 Ra8
34. Rxe5 Rxa2 35. Nd6 Rf6 36. Rxd5 Kg7 37. Ne8+ Kf7 38. Nxf6 Kxf6 39. Rd6+ Kf7
40. Rxb6 Ng6 41. Rb7+ Kf6 42. g3 h5 43. Rb6+ Kf7 44. Ree6 Ne7 45. Rh6 Nd5 46.
Rb7+ Kg8 47. Rd6 Ra1+ 48. Kh2 Ra2+ 49. Kg1 Ra1+ 50. Kf2 1-0

[Event "I Festival"]
[Site "Perugia ITA"]
[Date "2009.06.29"]
[Round "5"]
[White "Piscopo, Pierluigi"]
[Black "Lazic, Miroljub"]
[Result "1/2-1/2"]
[WhiteElo "2405"]
[BlackElo "2438"]
[PlyCount "23"]
[EventDate "2009.06.27"]

1. e4 e5 2. Nf3 Nc6 3. Bc4 Bc5 4. c3 Nf6 5. d3 a6 6. Bb3 d6 7. O-O Bd7 8. h3
O-O 9. Re1 Ne7 10. Nbd2 Ng6 11. Nf1 Re8 12. Ng3 1/2-1/2

[Event "I Festival"]
[Site "Perugia ITA"]
[Date "2009.06.29"]
[Round "5"]
[White "Romano, Claudio"]
[Black "Colabrese, Cary"]
[Result "0-1"]
[WhiteElo "1572"]
[BlackElo "1588"]
[PlyCount "47"]
[EventDate "2009.06.27"]

1. e4 e5 2. Nf3 Nf6 3. Bc4 Nxe4 4. Bxf7+ Kxf7 5. Nxe5+ Kg8 6. Qe2 d5 7. d3 Nf6
8. Bg5 Nc6 9. Nc3 Nd4 10. Qd2 c6 11. O-O Bd6 12. f4 Ne6 13. Bh4 Qc7 14. Bxf6
gxf6 15. Ng4 Qg7 16. Rf3 h5 17. Nf2 Kf7 18. Ne2 Qh6 19. Nh3 Ke7 20. Re1 Kd8 21.
Ng3 Nd4 22. Rfe3 Bd7 23. c3 Bxh3 24. gxh3 0-1

[Event "I Festival"]
[Site "Perugia ITA"]
[Date "2009.06.29"]
[Round "5"]
[White "Seravelli, Paolo"]
[Black "Saponara, Nicola"]
[Result "0-1"]
[WhiteElo "1804"]
[BlackElo "1808"]
[PlyCount "74"]
[EventDate "2009.06.27"]

1. e4 c5 2. Nf3 d6 3. d4 cxd4 4. Nxd4 Nf6 5. Nc3 g6 6. Be2 Bg7 7. Be3 O-O 8.
O-O Nc6 9. a3 a6 10. h3 d5 11. Nxc6 bxc6 12. e5 Ne8 13. f4 Nc7 14. Na4 f6 15.
exf6 Bxf6 16. Bd4 Ne6 17. Bxf6 Rxf6 18. g3 Qa5 19. Nc3 Qb6+ 20. Kh2 Qxb2 21.
Qd2 Qb7 22. Rab1 Qd7 23. g4 Qd6 24. Kh1 Nxf4 25. Rf3 Nxe2 26. Qxe2 a5 27. Rxf6
Qxf6 28. Qd2 Qf3+ 29. Kh2 Ba6 30. Re1 Re8 31. Re3 Qf4+ 32. Kg2 d4 33. Ne2 Qxe3
34. Qxe3 dxe3 35. Kf3 Bxe2+ 36. Kxe2 Kf7 37. Kxe3 e5 0-1

[Event "I Festival"]
[Site "Perugia ITA"]
[Date "2009.06.29"]
[Round "5"]
[White "Tanasa, Remus"]
[Black "Tiengo, Davide"]
[Result "1-0"]
[WhiteElo "2026"]
[BlackElo "2070"]
[PlyCount "41"]
[EventDate "2009.06.27"]

1. d4 d5 2. c4 e6 3. Nc3 Nf6 4. Nf3 c6 5. e3 Nbd7 6. Bd3 Bd6 7. cxd5 exd5 8.
Qc2 h6 9. Bd2 a6 10. h3 c5 11. O-O c4 12. Bf5 b5 13. e4 dxe4 14. Nxe4 Be7 15.
b3 O-O 16. bxc4 bxc4 17. Rab1 Nd5 18. Ng3 N7f6 19. Qxc4 Bxf5 20. Nxf5 Ne4 21.
Qxd5 1-0

[Event "I Festival"]
[Site "Perugia ITA"]
[Date "2009.06.30"]
[Round "6"]
[White "Barletta, Mauro"]
[Black "Pichler, Christoph"]
[Result "1-0"]
[WhiteElo "2224"]
[BlackElo "1831"]
[PlyCount "59"]
[EventDate "2009.06.27"]

1. e4 e5 2. Nf3 Nc6 3. Bc4 Bc5 4. c3 Nf6 5. d4 exd4 6. cxd4 Bb4+ 7. Bd2 Bxd2+
8. Nbxd2 d5 9. exd5 Nxd5 10. Qb3 Nce7 11. O-O O-O 12. Rfe1 Nb6 13. Bd3 Ned5 14.
Ne4 Bf5 15. Rac1 c6 16. a4 a5 17. Nc5 Bxd3 18. Qxd3 Qc7 19. Ne5 Rad8 20. Re4
Nf6 21. Rh4 Rfe8 22. Qb3 g5 23. Qg3 Qe7 24. Qxg5+ Kh8 25. Re1 Rd5 26. Rf4 Nbd7
27. Ncxd7 Nxd7 28. Qxe7 Rxe7 29. Nxf7+ Rxf7 30. Rxf7 1-0

[Event "I Festival"]
[Site "Perugia ITA"]
[Date "2009.06.30"]
[Round "6"]
[White "Bove, Alessandro"]
[Black "Castellano, Alfonso"]
[Result "1-0"]
[WhiteElo "2297"]
[BlackElo "1953"]
[PlyCount "35"]
[EventDate "2009.06.27"]

1. e4 c5 2. Nf3 d6 3. d4 cxd4 4. Nxd4 Nf6 5. Nc3 a6 6. Bg5 e6 7. f4 Qc7 8. Qf3
b5 9. Bd3 Bb7 10. O-O-O Nbd7 11. Rhe1 Be7 12. Qg3 b4 13. Nd5 Bxd5 14. exd5 Nxd5
15. Bxe7 Nxe7 16. Qxg7 Rg8 17. Qxh7 Rxg2 18. Qe4 1-0

[Event "I Festival"]
[Site "Perugia ITA"]
[Date "2009.06.30"]
[Round "6"]
[White "Burani, Eugenio"]
[Black "Cuppone, Damiano"]
[Result "1-0"]
[WhiteElo "1993"]
[BlackElo "1933"]
[PlyCount "40"]
[EventDate "2009.06.27"]

1. e4 c5 2. Nf3 e6 3. d4 cxd4 4. Nxd4 Nf6 5. Nc3 d6 6. Be2 Be7 7. O-O O-O 8.
Kh1 Nc6 9. Be3 Bd7 10. f4 Qc7 11. Qe1 Nxd4 12. Bxd4 Bc6 13. Qg3 g6 14. Bf3 b5
15. e5 Nd7 16. exd6 Bxd6 17. Qh4 Bc5 18. Rad1 Rad8 19. Bxc5 Nxc5 20. Rxd8 Rxd8
1-0

[Event "I Festival"]
[Site "Perugia ITA"]
[Date "2009.06.30"]
[Round "6"]
[White "Buratti, Marco"]
[Black "Djuric, Stefan"]
[Result "0-1"]
[WhiteElo "2037"]
[BlackElo "2447"]
[PlyCount "67"]
[EventDate "2009.06.27"]

1. e4 g6 2. d4 Bg7 3. Nf3 d6 4. Bc4 Nf6 5. e5 dxe5 6. Nxe5 O-O 7. O-O Nbd7 8.
Qe2 Nb6 9. Bb3 Qxd4 10. Rd1 Bg4 11. Nxg4 Qxg4 12. f3 Qf5 13. Qxe7 c5 14. Na3
Rae8 15. Qd6 Nh5 16. c3 Qc8 17. Bg5 c4 18. Bc2 Re6 19. Qd2 Qc5+ 20. Kf1 Rfe8
21. Be4 Nf6 22. Bxb7 Re2 23. Qxe2 Rxe2 24. Kxe2 Qxg5 25. Kf1 Bf8 26. Nc2 Bc5
27. b4 Bf8 28. a4 Nbd5 29. Rd4 Nxc3 30. f4 Qf5 31. Ne3 Qe6 32. Re1 Qb6 33. Rxc4
Qxb7 34. Rxc3 0-1

[Event "I Festival"]
[Site "Perugia ITA"]
[Date "2009.06.30"]
[Round "6"]
[White "Calisti, Simone"]
[Black "Seravelli, Paolo"]
[Result "0-1"]
[WhiteElo "1368"]
[BlackElo "1804"]
[PlyCount "34"]
[EventDate "2009.06.27"]

1. e4 e5 2. Bc4 Nf6 3. d4 exd4 4. e5 Ng8 5. Bxf7+ Kxf7 6. Qh5+ g6 7. Qf3+ Ke8
8. Nh3 Bh6 9. Nd2 Nc6 10. O-O Qe7 11. Nc4 b5 12. Nd2 Qe6 13. Nb3 Bxc1 14. Raxc1
Nge7 15. Nxd4 Qc4 16. Nxc6 dxc6 17. Ng5 Bg4 0-1

[Event "I Festival"]
[Site "Perugia ITA"]
[Date "2009.06.30"]
[Round "6"]
[White "Cerina, Antonio"]
[Black "Maddaloni, Giovanni"]
[Result "1-0"]
[WhiteElo "1370"]
[BlackElo "1812"]
[PlyCount "82"]
[EventDate "2009.06.27"]

1. e4 c5 2. Nf3 Nc6 3. Bb5 g6 4. Bxc6 bxc6 5. O-O Bg7 6. Nc3 d6 7. d3 Nf6 8.
Re1 O-O 9. h3 Bb7 10. Be3 Nd7 11. Qd2 d5 12. Bh6 e6 13. Bxg7 Kxg7 14. e5 h6 15.
a3 a5 16. b3 Qe7 17. a4 Rfd8 18. Rad1 c4 19. d4 cxb3 20. cxb3 c5 21. Nb5 cxd4
22. Nd6 Nxe5 23. Nxb7 Nxf3+ 24. gxf3 Qxb7 25. Qxd4+ Kg8 26. Rd3 Rdc8 27. Qf4
Kg7 28. Qe5+ Kh7 29. Qf6 Ra7 30. f4 Qb4 31. Ree3 Rc1+ 32. Kg2 Re1 33. Rxe1 Qxe1
34. Qd4 Rc7 35. Re3 Qb4 36. Qe5 Qb7 37. f3 Rc2+ 38. Kg3 Qc7 39. Qf6 Rc1 40. Kh4
Rg1 41. Re5 41... d4 {...} 1-0

[Event "I Festival"]
[Site "Perugia ITA"]
[Date "2009.06.30"]
[Round "6"]
[White "Colabrese, Cary"]
[Black "Nepi, Ezio"]
[Result "0-1"]
[WhiteElo "1588"]
[BlackElo "1848"]
[PlyCount "76"]
[EventDate "2009.06.27"]

1. d4 d5 2. c4 c6 3. cxd5 cxd5 4. Nc3 Nf6 5. Bf4 Nc6 6. e3 a6 7. Bd3 Qb6 8. Qd2
Bg4 9. f3 Bh5 10. Nge2 e6 11. O-O Bg6 12. Rfc1 Be7 13. Kh1 O-O 14. b3 Ba3 15.
Rd1 Rac8 16. Bxg6 hxg6 17. Na4 Qa7 18. Nc1 b5 19. Nb2 Nh5 20. Bg3 Nxg3+ 21.
hxg3 Nb4 22. Ncd3 Rc2 23. Qe1 Nxd3 24. Nxd3 a5 25. Rd2 Rfc8 26. Qd1 R2c3 27.
Rb1 Qc7 28. b4 axb4 29. Nxb4 Bxb4 30. Rxb4 Rc1 31. Kh2 Rxd1 32. Rxd1 Qc2 33.
Rdb1 Qxa2 34. Rxb5 Qf2 35. R5b3 Rc2 36. Rg1 Re2 37. Rb8+ Kh7 38. Rf8 Qxf3 0-1

[Event "I Festival"]
[Site "Perugia ITA"]
[Date "2009.06.30"]
[Round "6"]
[White "Damia, Angelo"]
[Black "Bighiu, Gheorghe"]
[Result "0-1"]
[WhiteElo "2235"]
[BlackElo "2045"]
[PlyCount "74"]
[EventDate "2009.06.27"]

1. e4 e5 2. Nf3 Nf6 3. Nxe5 d6 4. Nf3 Nxe4 5. Nc3 Nxc3 6. dxc3 Nc6 7. Be3 Be7
8. Bd3 Ne5 9. Nxe5 dxe5 10. Qe2 c6 11. O-O-O Qa5 12. Bc4 O-O 13. g4 b5 14. Bb3
Qc7 15. h4 a5 16. a3 b4 17. cxb4 axb4 18. a4 c5 19. Bg5 Ba6 20. Qe4 c4 21. Bxe7
Qxe7 22. Bxc4 Bxc4 23. Qxc4 Rxa4 24. Rh3 Qa7 25. Qe2 e4 26. Kd2 Rd8+ 27. Ke1
Rxd1+ 28. Kxd1 Qd7+ 29. Qd2 Ra1+ 30. Ke2 Qxg4+ 31. f3 Qg2+ 32. Ke3 Qg1+ 33.
Kxe4 Re1+ 34. Kf4 Rd1 35. Qe2 Rd4+ 36. Ke5 f6+ 37. Ke6 Qg6 0-1

[Event "I Festival"]
[Site "Perugia ITA"]
[Date "2009.06.30"]
[Round "6"]
[White "Lazic, Miroljub"]
[Black "Tanasa, Remus"]
[Result "1/2-1/2"]
[WhiteElo "2438"]
[BlackElo "2026"]
[PlyCount "34"]
[EventDate "2009.06.27"]

1. e4 e6 2. d3 d5 3. Nd2 c5 4. Ngf3 Nc6 5. g3 d4 6. c3 e5 7. Nc4 f6 8. cxd4
cxd4 9. Qb3 Rb8 10. a4 Bb4+ 11. Bd2 Qe7 12. Be2 Nh6 13. Bxb4 Qxb4+ 14. Qxb4
Nxb4 15. Kd2 Be6 16. Rhc1 Kd7 17. a5 Nf7 1/2-1/2

[Event "I Festival"]
[Site "Perugia ITA"]
[Date "2009.06.30"]
[Round "6"]
[White "Mogranzini, Roberto"]
[Black "Piscopo, Pierluigi"]
[Result "1/2-1/2"]
[WhiteElo "2422"]
[BlackElo "2405"]
[PlyCount "21"]
[EventDate "2009.06.27"]

1. Nf3 Nf6 2. e4 g6 3. g3 Bg7 4. Bg2 O-O 5. O-O d6 6. Nc3 e5 7. d3 Nc6 8. a3 a5
9. Rb1 h6 10. b4 axb4 11. axb4 1/2-1/2

[Event "I Festival"]
[Site "Perugia ITA"]
[Date "2009.06.30"]
[Round "6"]
[White "Ricci, Alfredo"]
[Black "Malfagia, Andrea"]
[Result "0-1"]
[WhiteElo "2024"]
[BlackElo "2282"]
[PlyCount "130"]
[EventDate "2009.06.27"]

1. b3 e5 2. Bb2 Nc6 3. e4 Nf6 4. Nc3 Bc5 5. Bc4 O-O 6. d3 a6 7. h3 Ne7 8. a3 b5
9. b4 Bxf2+ 10. Kxf2 bxc4 11. dxc4 Bb7 12. Qf3 Nxe4+ 13. Nxe4 f5 14. Nf6+ Rxf6
15. Qxb7 Nc6 16. Bxe5 Nxe5 17. Qd5+ Re6 18. Re1 c6 19. Qd4 Qe7 20. Nf3 Nxf3 21.
Rxe6 Qxe6 22. Kxf3 Re8 23. Rd1 Qe2+ 24. Kg3 Re6 25. Rg1 d6 26. Qf4 Qxc2 27. Kh2
h6 28. Rf1 Re2 29. Rg1 d5 30. cxd5 cxd5 31. Qd6 Qc4 32. Rd1 Qe4 33. Qxd5+ Kh7
34. Qxe4 Rxe4 35. Rd5 f4 36. Ra5 Re6 37. Kg1 Kg6 38. Kf2 Kf6 39. a4 Rc6 40. Kf3
g5 41. Rc5 Rd6 42. b5 axb5 43. axb5 Rd3+ 44. Kf2 h5 45. h4 g4 46. Rxh5 g3+ 47.
Kf1 Rb3 48. b6 Rb2 49. Rh6+ Kf5 50. Rc6 Kg4 51. Rf6 Rf2+ 52. Kg1 Rb2 53. Kf1
Rb1+ 54. Ke2 Rg1 55. Kd2 Rxg2+ 56. Kc3 Rg1 57. Kc2 Re1 58. h5 Kxh5 59. b7 Re8
60. Rxf4 g2 61. Re4 g1=Q 62. Re5+ Rxe5 63. b8=Q Re2+ 64. Kc3 Qc1+ 65. Kd4 Qd1+
0-1

[Event "I Festival"]
[Site "Perugia ITA"]
[Date "2009.06.30"]
[Round "6"]
[White "Vuelban, Virgilio"]
[Black "Tiengo, Davide"]
[Result "1-0"]
[WhiteElo "2422"]
[BlackElo "2070"]
[PlyCount "65"]
[EventDate "2009.06.27"]

1. e4 c5 2. Nf3 Nc6 3. d4 cxd4 4. Nxd4 Nf6 5. Nc3 e5 6. Ndb5 d6 7. Bg5 a6 8.
Na3 b5 9. Bxf6 gxf6 10. Nd5 Bg7 11. c3 Be6 12. Nc2 f5 13. exf5 Bxf5 14. Nce3
Be6 15. Qf3 O-O 16. Bd3 Kh8 17. g4 Ne7 18. h4 Nxd5 19. Nxd5 Bxd5 20. Qxd5 e4
21. Bxe4 Re8 22. Qf5 Rxe4+ 23. Qxe4 d5 24. Qd3 Qe7+ 25. Qe3 Qd7 26. O-O-O Re8
27. Rxd5 Qc6 28. Qc5 Qe6 29. Rhd1 Qxg4 30. Rd8 Bh6+ 31. Kb1 Qe4+ 32. Ka1 Bg7
33. Qc8 1-0

[Event "I Festival"]
[Site "Perugia ITA"]
[Date "2009.07.03"]
[Round "8"]
[White "Bighiu, Gheorghe"]
[Black "Lazic, Miroljub"]
[Result "0-1"]
[WhiteElo "2045"]
[BlackElo "2438"]
[PlyCount "54"]
[EventDate "2009.06.27"]

1. e3 g6 2. f4 Bg7 3. Nf3 d6 4. g3 e5 5. d4 Qe7 6. dxe5 dxe5 7. Nxe5 Bxe5 8.
fxe5 Nc6 9. Bb5 Bd7 10. O-O O-O-O 11. Bxc6 Bxc6 12. Qg4+ Kb8 13. Qf4 Qc5 14.
Na3 g5 15. Qxg5 Ne7 16. c4 Ng6 17. b4 Qxb4 18. Rb1 Qc5 19. Nc2 Be4 20. Ba3 Qxe5
21. Qxe5 Nxe5 22. Bb2 Rd2 23. Rf2 Rxf2 24. Kxf2 Ng4+ 25. Ke2 Bxc2 26. Rc1 Re8
27. Rxc2 Nxe3 0-1

[Event "I Festival"]
[Site "Perugia ITA"]
[Date "2009.07.03"]
[Round "8"]
[White "Bove, Alessandro"]
[Black "Mogranzini, Roberto"]
[Result "1/2-1/2"]
[WhiteElo "2297"]
[BlackElo "2422"]
[PlyCount "51"]
[EventDate "2009.06.27"]

1. Nc3 c5 2. d4 Nf6 3. d5 e5 4. e4 d6 5. Be2 Be7 6. Be3 O-O 7. a4 Na6 8. g4 Nb4
9. h3 Ne8 10. Qd2 g6 11. Bh6 Ng7 12. Nf3 Qa5 13. Rg1 f6 14. Nh2 Bd7 15. Nf1 b5
16. Ne3 a6 17. Ncd1 c4 18. Ra3 Rfc8 19. axb5 Qxb5 20. c3 Nd3+ 21. Bxd3 cxd3 22.
c4 Qb6 23. Bxg7 Kxg7 24. Qxd3 Bd8 25. Kf1 Qd4 26. Ke2 1/2-1/2

[Event "I Festival"]
[Site "Perugia ITA"]
[Date "2009.07.03"]
[Round "8"]
[White "Burani, Eugenio"]
[Black "Castellano, Alfonso"]
[Result "0-1"]
[WhiteElo "1993"]
[BlackElo "1953"]
[PlyCount "64"]
[EventDate "2009.06.27"]

1. e4 c5 2. Nf3 d6 3. d4 cxd4 4. Nxd4 Nf6 5. Nc3 a6 6. f4 e5 7. Nf3 Nbd7 8. a4
b6 9. Bc4 Qc7 10. Qe2 Be7 11. O-O O-O 12. Kh1 Bb7 13. Nd5 Nxd5 14. exd5 Bf6 15.
fxe5 Nxe5 16. Nxe5 Bxe5 17. Be3 Rae8 18. Rf3 Bxb2 19. Raf1 Bd4 20. Bd3 Bxe3 21.
Rxe3 Rxe3 22. Qxe3 Bxd5 23. Rf5 Qc6 24. Rh5 Re8 25. Qg3 Bxg2+ 26. Kg1 Be4 27.
Rg5 Bg6 28. Bxa6 Qxa4 29. Bd3 Qd4+ 30. Kg2 Bxd3 31. cxd3 Re3 32. Qf2 Rxd3 0-1

[Event "I Festival"]
[Site "Perugia ITA"]
[Date "2009.07.03"]
[Round "8"]
[White "Buratti, Marco"]
[Black "Cerina, Antonio"]
[Result "1-0"]
[WhiteElo "2037"]
[BlackElo "1370"]
[PlyCount "29"]
[EventDate "2009.06.27"]

1. e4 e6 2. Nc3 d5 3. Nf3 dxe4 4. Nxe4 Nf6 5. Nxf6+ Qxf6 6. d4 h6 7. Bd3 Be7 8.
c3 Nc6 9. Qe2 Bd7 10. b4 a6 11. a4 O-O 12. g4 g5 13. h4 Qg7 14. hxg5 hxg5 15.
Rh7 1-0

[Event "I Festival"]
[Site "Perugia ITA"]
[Date "2009.07.03"]
[Round "8"]
[White "Cicioni, Luigi"]
[Black "Gubbiotti, David"]
[Result "1/2-1/2"]
[WhiteElo "1771"]
[BlackElo "1670"]
[PlyCount "72"]
[EventDate "2009.06.27"]

1. e4 c5 2. c3 d5 3. exd5 Qxd5 4. Nf3 Nf6 5. d4 Bg4 6. Be2 e6 7. c4 Qd8 8. O-O
cxd4 9. Qb3 b6 10. Rd1 Nc6 11. h3 Bxf3 12. Bxf3 Rc8 13. Qb5 Qd7 14. Nc3 Bc5 15.
Bg5 Ne5 16. Be2 a5 17. a3 Qxb5 18. Nxb5 Ne4 19. Bf4 Ng6 20. Bh2 e5 21. Bd3 f5
22. f3 Nd6 23. Nxd6+ Bxd6 24. Bxf5 Rxc4 25. Re1 Kf7 26. Bxg6+ Kxg6 27. Bxe5 Bc5
28. Kf1 Rc2 29. Rad1 d3 30. Re4 Rd8 31. Bc3 Rf2+ 32. Ke1 Rxg2 33. Rg4+ Rxg4 34.
hxg4 Be3 35. Bd2 Bxd2+ 36. Rxd2 Kg5 1/2-1/2

[Event "I Festival"]
[Site "Perugia ITA"]
[Date "2009.07.03"]
[Round "8"]
[White "Colabrese, Cary"]
[Black "Bertolini, Ettore"]
[Result "0-1"]
[WhiteElo "1588"]
[BlackElo "1856"]
[PlyCount "48"]
[EventDate "2009.06.27"]

1. d4 Nf6 2. Nf3 g6 3. g3 Bg7 4. Bg2 O-O 5. O-O d6 6. Nc3 c6 7. h3 Qc7 8. Be3
Be6 9. Qd2 b5 10. Bh6 Na6 11. Bxg7 Kxg7 12. Ng5 Bd5 13. Rfe1 Bxg2 14. Kxg2 e5
15. e3 h6 16. Nf3 e4 17. Ng1 d5 18. a3 Ne8 19. Nge2 g5 20. a4 b4 21. Na2 Rb8
22. Nec1 Nd6 23. b3 c5 24. Ne2 24... Nf5 {...} 0-1

[Event "I Festival"]
[Site "Perugia ITA"]
[Date "2009.07.03"]
[Round "8"]
[White "Damia, Angelo"]
[Black "Ricci, Alfredo"]
[Result "1-0"]
[WhiteElo "2235"]
[BlackElo "2024"]
[PlyCount "50"]
[EventDate "2009.06.27"]

1. d4 c5 2. Nc3 cxd4 3. Qxd4 Nc6 4. Qh4 g6 5. e4 Bg7 6. Bd3 a6 7. Nge2 d6 8.
O-O h6 9. Be3 Nf6 10. f3 b5 11. Rad1 g5 12. Qf2 Be6 13. a3 Ne5 14. Nd4 Nxd3 15.
cxd3 Bd7 16. Nde2 O-O 17. g4 e6 18. h4 Ne8 19. hxg5 hxg5 20. Qg2 Rb8 21. Ng3 b4
22. axb4 Rxb4 23. Rd2 Nc7 24. Qh3 Bd4 25. Bxd4 Rxd4 1-0

[Event "I Festival"]
[Site "Perugia ITA"]
[Date "2009.07.03"]
[Round "8"]
[White "Laketic, Gojko"]
[Black "Tanasa, Remus"]
[Result "1-0"]
[WhiteElo "2457"]
[BlackElo "2026"]
[PlyCount "82"]
[EventDate "2009.06.27"]

1. d4 d5 2. Nf3 Nc6 3. Bf4 Bg4 4. e3 e6 5. c4 Bb4+ 6. Nc3 dxc4 7. Bxc4 Nge7 8.
O-O O-O 9. h3 Bh5 10. Rc1 Bd6 11. Bg5 h6 12. Bxe7 Nxe7 13. Be2 c6 14. Ne4 Nd5
15. Nxd6 Qxd6 16. Ne5 Bxe2 17. Qxe2 Rac8 18. f4 f6 19. Nd3 Nb4 20. Nxb4 Qxb4
21. Rc5 Rfd8 22. a3 Qb3 23. Rfc1 Rd5 24. R1c3 Qb6 25. b4 a6 26. Qg4 Re8 27. Qg6
Qd8 28. Kh2 Qe7 29. a4 Qf7 30. Qc2 Rxc5 31. Rxc5 g6 32. b5 axb5 33. axb5 Kg7
34. bxc6 bxc6 35. Rxc6 Re7 36. Qc4 Qe8 37. Kh1 Qf7 38. e4 Qe8 39. e5 fxe5 40.
dxe5 h5 41. Qe4 41... Rf7 {...} 1-0

[Event "I Festival"]
[Site "Perugia ITA"]
[Date "2009.07.03"]
[Round "8"]
[White "Maddaloni, Giovanni"]
[Black "Calisti, Simone"]
[Result "1-0"]
[WhiteElo "1812"]
[BlackElo "1368"]
[PlyCount "41"]
[EventDate "2009.06.27"]

1. e4 e5 2. Nf3 Nc6 3. Bb5 Nf6 4. O-O Bc5 5. c3 O-O 6. Bxc6 bxc6 7. Nxe5 Nxe4
8. d4 Be7 9. Be3 Bb7 10. Nd2 Nf6 11. c4 d6 12. Nd3 Ba6 13. Nb4 Bb7 14. f3 a5
15. Nd3 Ba6 16. Re1 d5 17. Ne5 Qd6 18. Bf2 Rab8 19. c5 Qe6 20. Ng6 Qc8 21.
Nxe7+ 1-0

[Event "I Festival"]
[Site "Perugia ITA"]
[Date "2009.07.03"]
[Round "8"]
[White "Malfagia, Andrea"]
[Black "Djuric, Stefan"]
[Result "1/2-1/2"]
[WhiteElo "2282"]
[BlackElo "2447"]
[PlyCount "40"]
[EventDate "2009.06.27"]

1. d4 Nf6 2. c4 e6 3. Nc3 Bb4 4. Qc2 c5 5. dxc5 Na6 6. a3 Bxc3+ 7. Qxc3 Nxc5 8.
b4 Nce4 9. Qd4 d5 10. c5 h6 11. f3 Ng5 12. Bf4 O-O 13. e3 Re8 14. Bd3 Nd7 15.
Bd6 e5 16. Qxd5 e4 17. fxe4 Nf6 18. Qd4 Nfxe4 19. Ne2 Nxd6 20. cxd6 Ne6 1/2-1/2

[Event "I Festival"]
[Site "Perugia ITA"]
[Date "2009.07.03"]
[Round "8"]
[White "Piscopo, Pierluigi"]
[Black "Leon Hoyos, Manuel"]
[Result "1/2-1/2"]
[WhiteElo "2405"]
[BlackElo "2527"]
[PlyCount "29"]
[EventDate "2009.06.27"]

1. e4 c5 2. Nf3 g6 3. d4 cxd4 4. Nxd4 Nc6 5. Nb3 Bg7 6. Nc3 Nf6 7. Be2 O-O 8.
O-O d6 9. Bg5 Be6 10. Qd2 Rc8 11. Rad1 Ne5 12. Qe3 a5 13. h3 Qc7 14. Nd2 Rfd8
15. f4 1/2-1/2